| 000 | 00514nam a22001697a 4500 | ||
|---|---|---|---|
| 005 | 20251108172054.0 | ||
| 008 | 250721s1994 xx 000 0 ara d | ||
| 082 | 1 | 4 | _aط/ق/حمد |
| 100 | 1 | _aعمارة، حمدي | |
| 245 | 1 | 0 | _aالغابة السعيدة / |
| 264 | 1 |
_aالقاهرة : _bالدار المصرية اللبنانية، _c1994. |
|
| 300 | _a15ص: مص بالألوان | ||
| 490 | 0 | _aأصدقائي ، 3 | |
| 700 | 1 |
_aبدران، منال _eرسوم |
|
| 942 |
_2ddc _cBK |
||
| 999 |
_c69731 _d69731 |
||